| 000 | 00715cab a2200229 4500 | ||
|---|---|---|---|
| 001 | WB3046-47 | ||
| 008 | 090401t1994 xxu||||| |||| 00| 0 eng d | ||
| 035 | _a(Sirsi) u23665 | ||
| 041 | _aeng | ||
| 245 | _aNew university for Docklands | ||
| 260 | _c1994 | ||
| 350 | _a0 | ||
| 490 |
_aIndependent _v8 December 1994, 29(1) |
||
| 520 | _aA new technological university is planned for Thames Gateway sponsored by the University of East London, Queen Mary`s College, City University, and London Docklands as well as the LDDC. | ||
| 650 | _aLONDON DOCKLANDS | ||
| 650 | _aROYAL DOCKS | ||
| 650 | _aTHAMES GATEWAY | ||
| 650 | _aUNIVERSITIES | ||
| 690 | _aURBAN RENEWAL | ||
| 942 | _n0 | ||
| 948 | _c04/03/1997 | ||
| 999 |
_c15838 _d15838 |
||